000 00742nam a2200205Ii 4500
003 JO-AjNU
008 230605s9999||||xx |||||||||||||| ||und||
040 _aJO-AjNU
_bara
_erda
_cJO-AjNU
041 _aara
050 1 4 _aBP76.I27.1993
100 3 _aح ,
_eauthor
_959026
245 0 0 _aأسد الغابة في معرفة الصحابة، مج 1 أ-ح
250 _aطبعة مجددة
264 3 1 _aبيروت: دار الفكر للطباعة والنشر والتوزيع، 1993
300 _aمج1 : 739ص
_bيحتوي على فهرس من ص 721-739
336 _atext
_btxt
_2rdacontent
337 _aunmediated
_bn
_2rdamedia
338 _avolume
_bnc
_2rdacarrier
650 4 _aالصحابة والتابعون - تراجم
_959027
999 _aA26541
_c30109
_d30109